Statistics for Countries Closest to an Unknown Country A-Z #7

Click here to take the quiz!

General Stats

  • This quiz has been taken 3,426 times
  • The average score is 18 of 24

Answer Stats

Country % Correct
YYemen
97%
NONE!OMAN
96%
QQatar
95%
ZZambia
91%
SSaudi Arabia
90%
JJordan
90%
IIran
89%
UU.A.E.
84%
KKuwait
80%
PPakistan
79%
EEritrea
74%
DDjibouti
73%
BBahrain
73%
AAfghanistan
72%
LLebanon
72%
FFrance
71%
HHungary
67%
TTurkmenistan
65%
VVietnam
62%
GGeorgia
60%
RRwanda
59%
NNepal
49%
CCyprus
38%
MMaldives
38%

Score Distribution

Percentile by Number Answered

Percent of People with Each Score

Your Score History

You have not taken this quiz